000 00599nam a22001815i 4500
001 53491
003 ES-MaACL
005 20230906162758.0
007 t|
008 940301s1893 sp ||||1| spa d
040 _aAS
_bspa
111 2 _aExposición histórico-natural y etnográfica (
_cMadrid)
_9692
245 1 0 _aBreve noticia de la Exposición histórico-natural y etnográfica de Madrid
_b: planta entresuelo.
260 _aMadrid :
_b[s.n.],
_c1893 (
_fEst. tip. Sucesores de Rivadeneyra...)
300 _a61 p. ;
_c16 cm.
852 _aES-MaACL
_jFol-Laf-564
852 _aES-MaACL
_jT-940-F-2
999 _c53491
_d53491